Name That ABBA Tune - Statistics

General Stats
  • This quiz has been taken 181 times
  • The average score is 13 of 18
Answer Stats
Hint Answer % Correct
You can dance, you can jive, having the time of your life Dancing Queen
99%
In my dreams, I’ll have to go, to Las Vegas Or Monaco Money, Money, Money
92%
I Don’t Wanna Talk, If It Makes You Feel Sad The Winner Takes It All
89%
Yes, I’ve been broken hearted, blue since the day we parted Mamma Mia
86%
Is there a soul out there? No one to hear my prayer Gimme, Gimme Gimme (A Man After Midnight)
83%
I believe in angels, something could in everything I see I Have A Dream
81%
How could I ever refuse? I feel like I win when I lose Waterloo
80%
What would life be? Without a song or a dance would I be Thank You For The Music
77%
Take it easy, take it easy, better slow down girl Does Your Mother Know
74%
There is the sound of drums and cannons coming from afar Fernando
74%
One look and you’re hypnotised, he will take your heart Angel Eyes
68%
And here we go again, we know the start, we know the end Voulez Vous
67%
I’ve heard about you before, I wanted to know some more Honey Honey
65%
Unsatisfied, I skip my pride, I beg you dear Lay All Your Love On Me
61%
You made me feel alive but something died I fear SOS
58%
Love me or leave me, make your choice but believe me I do, I do, I do, I do, I do
48%
Everything Seemed so easy, so I dealt you the blow One Of Us
38%
I love the feeling everywhere, my kind of people everywhere Summer Night City
21%
No matching quizzes found
Score Distribution
Percent of People with Each Score
Percentile by Number Answered
Your Score History
You have not taken this quiz